Logo

Description automatically generated
विद्यार्जन
 संसाधन केंद्र, भारतीय प्रौद्योगिकी संस्थान इन्दौर
Learning Resource Center, Indian Institute of Technology Indore

ऑनलाइन सार्वजनिक अभिगम प्रसूची
Online Public Access Catalogue (OPAC)

A history of the world in 100 objects (Record no. 57404)

MARC details
000 -LEADER
fixed length control field 00648nam a2200229Ia 4500
005 - DATE AND TIME OF LATEST TRANSACTION
control field 20260704175958.0
008 - FIXED-LENGTH DATA ELEMENTS--GENERAL INFORMATION
fixed length control field 260704s9999||||xx |||||||||||||| ||und||
020 ## - INTERNATIONAL STANDARD BOOK NUMBER
International Standard Book Number 9780241951774
Qualifying information pbk
082 ## - DEWEY DECIMAL CLASSIFICATION NUMBER
Classification number 909
Item number MAC
100 ## - MAIN ENTRY--PERSONAL NAME
Personal name MacGregor, Neil
245 #2 - TITLE STATEMENT
Title A history of the world in 100 objects
260 ## - PUBLICATION, DISTRIBUTION, ETC.
Place of publication, distribution, etc. London
Name of publisher, distributor, etc. Penguin Books
Date of publication, distribution, etc. 2012
300 ## - PHYSICAL DESCRIPTION
Extent xxvi, 613p. ; 20cm.
653 ## - INDEX TERM--UNCONTROLLED
Uncontrolled term Antiquities, Prehistoric
653 ## - INDEX TERM--UNCONTROLLED
Uncontrolled term Archaeology, Medieval
653 ## - INDEX TERM--UNCONTROLLED
Uncontrolled term Ceremonial objects
653 ## - INDEX TERM--UNCONTROLLED
Uncontrolled term Classical antiquities
653 ## - INDEX TERM--UNCONTROLLED
Uncontrolled term Classical antiquities
653 ## - INDEX TERM--UNCONTROLLED
Uncontrolled term Material culture — History
653 ## - INDEX TERM--UNCONTROLLED
Uncontrolled term World history
942 ## - ADDED ENTRY ELEMENTS (KOHA)
Koha item type Book
Holdings
Withdrawn status Lost status Damaged status Not for loan Home library Current library Shelving location Date acquired Source of acquisition Total Checkouts Full call number Barcode Date last seen Price effective from Koha item type
        LRC, IIT Indore LRC, IIT Indore 2nd Floor - General Stack 04/07/2026 Gratis Book Price: GBP 9.99   909 MAC G2629 04/07/2026 04/07/2026 Book
Copyright © 2017-2026 Indian Institute of Technology Indore. All Rights Reserved.
Managed & maintained by Learning Resource Center, IIT Indore